| 000 | 00717cab a2200217 4500 | ||
|---|---|---|---|
| 001 | WB3435-22 | ||
| 008 | 090401t1998 xxu||||| |||| 00| 0 eng d | ||
| 035 | _a(Sirsi) u88491 | ||
| 041 | _aeng | ||
| 245 | _aProperty well ahead of the game | ||
| 260 | _c1998 | ||
| 350 | _a0 | ||
| 490 |
_aEstates Gazette _v(9837) 12 September 1998, 46(1) |
||
| 520 | _aExamines how active management has paid dividends for property companies in recent years, with eight of the top 10 largest companies beating the IPD index. | ||
| 650 | _aACTIVE MANAGEMENT | ||
| 650 | _aIPD INDEX | ||
| 650 | _aPROPERTY COMPANIES | ||
| 690 | _aPROPERTY-COMMERCIAL PROPERTY-COMMERCIAL PROPERTY MARKET | ||
| 942 | _n0 | ||
| 948 | _c15/09/1998 | ||
| 999 |
_c55909 _d55909 |
||